[Event "Paris-ch op-B 87th"]
[Site "Paris"]
[Date "2012.07.08"]
[Round "2"]
[White "Bensaid, Alexandre"]
[Black "Komons, Christian"]
[Result "1-0"]
[WhiteElo "1974"]
[BlackElo "1846"]
[PlyCount "43"]
[EventDate "2012.07.07"]
[EventType "swiss"]
[EventRounds "9"]
[EventCountry "FRA"]
[SourceTitle "EXT 2013"]
[Source "ChessBase"]
[SourceDate "2012.11.22"]
[SourceVersion "1"]
[SourceVersionDate "2012.11.22"]
[SourceQuality "1"]

1. e4 g6 2. d4 Bg7 3. Nc3 d6 4. f4 Nf6 5. h3 Nbd7 6. Nf3 c6 7. a4 a6 8. Bd3 e6 9. e5 dxe5 10. fxe5 Nd5 11. Ne4 0-0 12. c3 c5 13. 0-0 cxd4 14. cxd4 Nb4 15. Bb1 a5 16. h4 b6 17. h5 Ba6 18. Rf2 Nxe5 19. Bg5 Nxf3+ 20. Qxf3 Qxd4 21. Bf6 Nd5 22. Bxd4 1-0

[Event "Paris Apsap op 75th"]
[Site "Paris"]
[Date "2004.08.30"]
[Round "1"]
[White "Komons, Christian"]
[Black "Debray, Christopher"]
[Result "0-1"]
[WhiteElo "1926"]
[BlackElo "2185"]
[PlyCount "42"]
[EventDate "2004.09.??"]
[EventType "swiss"]
[EventRounds "9"]
[EventCountry "FRA"]
[SourceTitle "EXT 2006"]
[Source "ChessBase"]
[SourceDate "2005.11.24"]
[SourceVersion "1"]
[SourceVersionDate "2005.11.24"]
[SourceQuality "1"]

1. e4 c5 2. Nf3 d6 3. Bb5+ Nd7 4. 0-0 Ngf6 5. Re1 a6 6. Bf1 g6 7. d4 cxd4 8. Qxd4 Bg7 9. Nc3 0-0 10. a4 Nc5 11. b4 Nfxe4 12. Qe3 Bxc3 13. bxc5 Bxa1 14. Qxe4 dxc5 15. Qh4 Bg7 16. Ng5 h5 17. Be2 Qd4 18. Qg3 Qc3 19. Nf3 Bg4 20. Bd2 Qxc2 21. Rc1 Qb2 0-1

[Event "Paris Apsap op 73rd"]
[Site "Paris"]
[Date "2004.08.06"]
[Round "7"]
[White "Komons, Christian"]
[Black "Leuly, Max"]
[Result "0-1"]
[WhiteElo "1926"]
[BlackElo "2138"]
[PlyCount "48"]
[EventDate "2004.08.??"]
[EventType "swiss"]
[EventRounds "9"]
[EventCountry "FRA"]
[SourceTitle "EXT 2006"]
[Source "ChessBase"]
[SourceDate "2005.11.24"]
[SourceVersion "1"]
[SourceVersionDate "2005.11.24"]
[SourceQuality "1"]

1. e4 c5 2. Nf3 d6 3. d4 cxd4 4. Nxd4 Nf6 5. Nc3 g6 6. Be3 Bg7 7. f3 0-0 8. Qd2 Nc6 9. Bc4 Bd7 10. 0-0-0 Rc8 11. Bb3 Ne5 12. Bh6 Nc4 13. Bxc4 Bxh6 14. Qxh6 Rxc4 15. g4 Qa5 16. Nf5 Bxf5 17. gxf5 Rxc3 18. bxc3 Qxc3 19. fxg6 hxg6 20. Kb1 Rc8 21. Qd2 Qxf3 22. Rhf1 Qxe4 23. Rde1 Qc6 24. Rxe7 Qb5+ 0-1